Statistiques concernant Paroles - PLK - Problèmes

Cliquez ici pour prendre le quiz!

Statistiques générales

  • Ce quiz a été pris 463 fois
  • Le résultat moyen est 281 sur 426

Statistiques - réponses

Paroles% Correct
Ma
99%
ma
99%
chérie
97%
de
97%
problèmes,
97%
Elle
95%
elle
95%
Que
95%
que
95%
des
93%
par
93%
fait
92%
me
92%
péter
92%
finir
91%
m'apporte
91%
répéter
90%
a
89%
à
89%
j'vais
89%
m'faire
88%
d'me
86%
J'ai
86%
j'ai
86%
c'est
84%
C'est
84%
Dans
84%
dans
84%
l'oseille,
83%
toujours
83%
du
82%
préféré
82%
tête
82%
mal
81%
moi
81%
moi,
81%
moi"
81%
compliqué
80%
le
79%
"pas
78%
pas
78%
dit
77%
en
77%
je
77%
m'confier
77%
la
76%
va
76%
toi,
73%
sans
71%
confiance
70%
tout
70%
les
68%
grand
67%
t'a
67%
faire
66%
patienter
65%
qui
65%
Qui
65%
Sur
65%
sur
65%
un
65%
j'peux
64%
On
64%
on
64%
avant
63%
avant ?
63%
Ça
62%
ça
62%
grandi
62%
tu
62%
Tu
62%
et
61%
rue,
61%
se
61%
vais
61%
ton
60%
cœur
59%
endroits
59%
Twitter
59%
j'suis
58%
sombres
58%
son
57%
dis-moi
55%
douleur
54%
garçon
54%
leçon,
54%
vas
54%
moula
53%
Si
53%
apprends-moi
52%
l'doute
52%
Bien
51%
Donne-moi
50%
Y
50%
y
50%
couleur
49%
d'faire
49%
l'caleçon
49%
vie
49%
d'heure,
48%
l'terrain
48%
Alors,
47%
jusqu'à
47%
t'es
47%
avec
46%
j't'annonce
46%
mais
46%
une
46%
meuf
45%
tombe
45%
passeur
44%
quand
44%
seul
44%
buteur
43%
Toute
43%
bénéfice
42%
bigo
42%
bigo,
42%
bleus
41%
contre
41%
Double
41%
j'serai
41%
tant
41%
veux
41%
Arrête
40%
enfermé
40%
fui
40%
main
40%
mieux,
40%
m'rendre
40%
pis,
40%
poisse
40%
porter
40%
trop
39%
comment
38%
devrais
38%
fermer
38%
sera
38%
j'double
36%
mis
36%
est
35%
glisse
35%
Hey,
35%
hey,
35%
l'immeuble
35%
cerné
34%
peur
34%
ses
34%
sort
34%
trahison
34%
défaitiste
33%
mon
33%
nous,
33%
ouais
33%
crampons
32%
mission
32%
Oublie
31%
ah
30%
Ah
30%
j'pars
29%
peace
29%
Donc
28%
Jamais
28%
laissé
28%
mes
28%
SFR
28%
détente
27%
doutes
27%
même
27%
reste
27%
s'est
27%
Aucune
26%
Mac
26%
nan,
26%
presse
26%
J'tourne
25%
Junior
25%
passage,
25%
Quelques
25%
rien
25%
contacts,
24%
vies,
24%
d'nos
22%
putain
22%
laisse-moi
21%
l'secteur
21%
qu'ça
21%
rajouter
21%
Alaprod
20%
salaire
19%
d'zéros
18%
massa
17%
d'nouveau
16%
keh
16%
bic
11%

Distribution des résultats

Percentile par nombre de réponses

% des personnes avec chaque résultat

Votre développement - résultats

Vous n’avez pas pris ce quiz